000 00771cas a2200253 4500
008
020 _a002571259 (hbk.)
049 _aMAIN
090 0 _aRC60 MED
245 0 4 _aThe Medical clinics of North America /
_cDouglas B.Mckeag,guest editor.
260 0 0 _aPhiladelphia :
_bSaunders,
_c1994
300 _aviii, 267-509 p. :
_bill. ;
_c24 cm.
440 _aSports medicine ;
_v78 no.2
500 _aIncludes index.
504 _aIncludes bibliographical references.
650 0 _aClinical medicine
_xPeriodicals.
650 2 _aMedicine
_xperiodicals.
700 _aMcKEAG, Douglas B.
907 _a.b10248961
_b10-04-08
_c06-08-07
003
005 20230120203956.0
040 _cNUST
942 _cBOOKS
_kRC60 MED
999 _c114912
_d114912